HEALTH (Record no. 131)

MARC details
000 -LEADER
fixed length control field 00247nam a22001097a 4500
008 - FIXED-LENGTH DATA ELEMENTS--GENERAL INFORMATION
fixed length control field 160620b xxu||||| |||| 00| 0 eng d
100 ## - MAIN ENTRY--PERSONAL NAME
9 (RLIN) 161
Personal name CBSE
245 ## - TITLE STATEMENT
Title HEALTH
260 ## - PUBLICATION, DISTRIBUTION, ETC. (IMPRINT)
Place of publication, distribution, etc. N.D
Name of publisher, distributor, etc. Frank Bross & Comp.
Date of publication, distribution, etc. 1989
300 ## - PHYSICAL DESCRIPTION
Extent Health
942 ## - ADDED ENTRY ELEMENTS (KOHA)
Source of classification or shelving scheme Dewey Decimal Classification
Koha item type BOOK
Holdings
Withdrawn status Lost status Source of classification or shelving scheme Damaged status Not for loan Home library Current library Shelving location Date acquired Total Checkouts Full call number Barcode Date last seen Price effective from Koha item type
    Dewey Decimal Classification     Good Samaritan School Library Good Samaritan School Library   06/20/2016   375 CBS214 06/20/2016 06/20/2016 BOOK

Powered by Koha